000 00609nam a2200205Ia 4500
003 IN-BaIIA
008 211028s9999 xx 000 0 eng d
020 _a08-016166-9
040 _cIIA Library
080 _a539.18
_bSOB
100 _aSobel'Man, I. I.
_99684
245 0 _aIntroduction to the theory of atomic spectra
_c I. I. Sobel'Man
260 _aOxford
_bPergamon Press
_c1972
300 _axvi, 609p.
650 _aAtomic physics
_91547
650 _aAtomic spectra
_91533
650 _aAtomic structure
_91534
650 _aNASA thesaurus
942 _cBK
999 _c5572
_d5572